000 01328nam0a2200337 i 4500
001 RU\NLR\BIBL_A\011129866
005 20260408184934.0
010 _a9785906254238
021 _aRU
_b2016-34590
_92220
035 _a(NILC)RuMoRGB-008469144
035 _a(NLR Aleph) 011129866
090 _a11561983
_c11561983
100 _a20160516d2016 u y0rusy50 ca
101 0 _arus
102 _aRU
105 _aa|||z|||000yy
200 1 _aПодвиги шахматной королевы
_e[100 учебных этюдов с одним ферзем в финале]
_fС. Ткаченко
210 _aМосква
_cАндрей Ельков
_d2016
215 _a206, [2] с.
_cил.
_d14
225 1 _aСерия "Секреты шахматных фигур"
320 _aДр. произведения авт. в конце кн.
606 _aШахматные этюды
_3RU\NLR\AUTH\661161863
_91914553
610 0 _aодинокий ферзь - учебные этюды
675 _a794
686 1 _aЧ515.815
700 1 _7ca
_8rus
_aТкаченко
_bС. Н.
_cшахматист, историк
_gСергей Николаевич
_9163153
_3RU\NLR\AUTH\770163197
801 0 _aRU
_bРГБ
_c20160425
_gRCR
942 _cBOOK
980 _aNBR